[Event "Open 2004 des PSV Rostock"]
[Site "Rostock"]
[Date "2004.08.27"]
[Round "3.8"]
[White "Schoenrock, Ruediger"]
[Black "Oldach, Ehrenfried"]
[Result "1/2-1/2"]
[WhiteElo "2197"]
[BlackElo "2058"]
[PlyCount "39"]
[EventDate "2004.08.26"]
[EventType "swiss"]
[EventRounds "7"]
[EventCountry "GER"]
[Source "Th. Schwetlick"]
[SourceDate "2004.09.01"]

1. e4 e5 2. Nf3 Nc6 3. Nc3 Nf6 4. d4 exd4 5. Nxd4 Bb4 6. Nxc6 bxc6 7. Qd4 Qe7
8. f3 h6 9. Bd2 a5 10. O-O-O Bc5 11. Qa4 O-O 12. g4 Ba6 13. Bxa6 Rxa6 14. g5
hxg5 15. Bxg5 Rb8 16. Qc4 Rab6 17. b3 Rb4 18. Qd3 Rd4 19. Qe2 Qe5 20. Bd2
1/2-1/2

[Event "Open 2004 des PSV Rostock"]
[Site "Rostock"]
[Date "2004.08.27"]
[Round "3.9"]
[White "Kliewe, Hans Juergen"]
[Black "Herde, Dittmar"]
[Result "1-0"]
[WhiteElo "2178"]
[BlackElo "2022"]
[PlyCount "53"]
[EventDate "2004.08.26"]
[EventType "swiss"]
[EventRounds "7"]
[EventCountry "GER"]
[Source "Th. Schwetlick"]
[SourceDate "2004.09.01"]

1. d4 d5 2. Nf3 Nf6 3. Bf4 e6 4. e3 Bd6 5. Bg3 O-O 6. Bd3 b6 7. Nbd2 c5 8. c3
Bb7 9. Ne5 Qc7 10. f4 Nbd7 11. O-O c4 12. Bc2 b5 13. Ndf3 b4 14. cxb4 Bxb4 15.
Nxd7 Qxd7 16. Ne5 Qd8 17. Bh4 Be7 18. f5 Ne4 19. Bxe7 Qxe7 20. Bxe4 dxe4 21. f6
gxf6 22. Qg4+ Kh8 23. Qh4 Rg8 24. Rxf6 Rg7 25. Qf4 Kg8 26. Rf1 Rf8 27. Ng4 1-0

[Event "Open 2004 des PSV Rostock"]
[Site "Rostock"]
[Date "2004.08.27"]
[Round "3.10"]
[White "Kramps, Rene"]
[Black "Miersch, Marco"]
[Result "1-0"]
[WhiteElo "2010"]
[BlackElo "2176"]
[PlyCount "87"]
[EventDate "2004.08.26"]
[EventType "swiss"]
[EventRounds "7"]
[EventCountry "GER"]
[Source "Th. Schwetlick"]
[SourceDate "2004.09.01"]

1. e4 c5 2. b4 cxb4 3. Bb2 e6 4. d4 Nf6 5. Bd3 Be7 6. f4 Nc6 7. Nd2 a6 8. Qf3
Na5 9. d5 d6 10. dxe6 Bxe6 11. f5 Bc8 12. g4 Nd7 13. Ne2 Ne5 14. Qg2 Bh4+ 15.
Kf1 b5 16. Bxe5 dxe5 17. Nf3 Be7 18. Qg3 f6 19. g5 Bb7 20. Qg4 O-O 21. h4 Rc8
22. h5 Nc4 23. Bxc4+ Rxc4 24. h6 fxg5 25. hxg7 Rf7 26. Rxh7 Rxg7 27. Rh6 Bf6
28. Qh5 Rd7 29. Rxf6 Qxf6 30. Qe8+ Qf8 31. Qxd7 Bxe4 32. Qe6+ Qf7 33. Qxf7+
Kxf7 34. Nxe5+ Kf6 35. Nxc4 bxc4 36. Rc1 Bxf5 37. Kf2 Ke5 38. Ke3 a5 39. Nd4
Bd7 40. Nf3+ Kf5 41. Rd1 Ba4 42. Rd5+ Kf6 43. Rxg5 Bxc2 44. Rxa5 1-0

[Event "Open 2004 des PSV Rostock"]
[Site "Rostock"]
[Date "2004.08.27"]
[Round "3.11"]
[White "Boettcher, Patrick"]
[Black "Helms, Sven"]
[Result "0-1"]
[WhiteElo "1949"]
[BlackElo "2164"]
[PlyCount "66"]
[EventDate "2004.08.26"]
[EventType "swiss"]
[EventRounds "7"]
[EventCountry "GER"]
[Source "Th. Schwetlick"]
[SourceDate "2004.09.01"]

1. e4 e6 2. d4 d5 3. Nc3 Nf6 4. e5 Nfd7 5. f4 c5 6. Nf3 a6 7. Be3 Qb6 8. Na4
Qa5+ 9. c3 c4 10. b4 Qc7 11. Be2 b5 12. Nc5 a5 13. a3 Nc6 14. O-O Nxc5 15. dxc5
Be7 16. Nd4 Nxd4 17. Bxd4 Bd7 18. Qd2 Ra6 19. g4 O-O 20. Rac1 axb4 21. axb4
Rfa8 22. f5 Bh4 23. g5 exf5 24. Kh1 Qd8 25. Rg1 Rg6 26. Be3 d4 27. Bf3 dxe3 28.
Qd4 Bf2 29. Rg2 Bc6 30. Bxc6 Rxc6 31. h4 Qc7 32. Qf4 Re8 33. Ra1 Rce6 0-1

[Event "Open 2004 des PSV Rostock"]
[Site "Rostock"]
[Date "2004.08.27"]
[Round "3.12"]
[White "Hornych, Christoph"]
[Black "Luetje, Juergen"]
[Result "1-0"]
[WhiteElo "2157"]
[BlackElo "1995"]
[PlyCount "67"]
[EventDate "2004.08.26"]
[EventType "swiss"]
[EventRounds "7"]
[EventCountry "GER"]
[Source "Th. Schwetlick"]
[SourceDate "2004.09.01"]

1. e4 c5 2. Nf3 e6 3. d4 cxd4 4. Nxd4 Bc5 5. Nb3 Bb6 6. Nc3 Ne7 7. Bg5 O-O 8.
Bd3 Nbc6 9. Qd2 a5 10. a4 Nb4 11. O-O Nxd3 12. Qxd3 h6 13. Bh4 f5 14. exf5 Rxf5
15. Qd6 g5 16. Bg3 Nd5 17. Nb5 Ra6 18. Qa3 Nb4 19. N3d4 Rf7 20. c3 Nd3 21. Rad1
Bc5 22. Qa2 Nf4 23. Bxf4 gxf4 24. Nxe6 Rxe6 25. Qxe6 f3 26. Qg4+ Kh8 27. Nd6
Rf6 28. Qh4 Qf8 29. Ne4 Rf4 30. Qh5 Rf5 31. Qg6 d5 32. Nxc5 fxg2 33. Rfe1 Rxf2
34. Re8 1-0

[Event "Open 2004 des PSV Rostock"]
[Site "Rostock"]
[Date "2004.08.27"]
[Round "3.14"]
[White "Zimmermann, Hendrik"]
[Black "Seiler, Dirk"]
[Result "1-0"]
[WhiteElo "2105"]
[BlackElo "1924"]
[PlyCount "87"]
[EventDate "2004.08.26"]
[EventType "swiss"]
[EventRounds "7"]
[EventCountry "GER"]
[Source "Th. Schwetlick"]
[SourceDate "2004.09.01"]

1. d4 Nf6 2. c4 e6 3. Nc3 Bb4 4. Nf3 b6 5. Qb3 Bxc3+ 6. Qxc3 Ne4 7. Qc2 f5 8.
g3 Bb7 9. Bg2 Nc6 10. a3 O-O 11. O-O d6 12. b3 Rb8 13. Bb2 Ne7 14. Rad1 Ng6 15.
d5 e5 16. Ne1 Bc8 17. e3 Nf6 18. f4 Ng4 19. Qc3 Qe7 20. Nc2 Bd7 21. Rde1 e4 22.
b4 h5 23. Nd4 h4 24. Bh3 Rf7 25. Bxg4 fxg4 26. Kg2 h3+ 27. Kg1 Rbf8 28. a4 Qf6
29. Qc1 Qe7 30. Qa1 Rc8 31. b5 Ra8 32. a5 Qf8 33. Qb1 Re8 34. Qc2 Bf5 35. Nxf5
Rxf5 36. Qe2 Qf7 37. Qxg4 Ra8 38. Qxh3 Qd7 39. axb6 axb6 40. Ra1 Rxa1 41. Rxa1
Qc8 42. Qg4 Kh7 43. Ra7 Rf8 44. Qh5+ 1-0

[Event "Open 2004 des PSV Rostock"]
[Site "Rostock"]
[Date "2004.08.27"]
[Round "3.16"]
[White "Krueger, Alexander"]
[Black "Moeller, Peter"]
[Result "0-1"]
[WhiteElo "1768"]
[BlackElo "2134"]
[PlyCount "62"]
[EventDate "2004.08.26"]
[EventType "swiss"]
[EventRounds "7"]
[EventCountry "GER"]
[Source "Th. Schwetlick"]
[SourceDate "2004.09.01"]

1. e4 e6 2. d4 d5 3. Nc3 Nf6 4. Nf3 dxe4 5. Ne5 Bb4 6. a3 Bxc3+ 7. bxc3 Nbd7 8.
Ng4 h6 9. a4 O-O 10. Be2 Nxg4 11. Bxg4 Nf6 12. O-O b6 13. Ba3 Re8 14. Be2 a6
15. c4 a5 16. c5 Ba6 17. cxb6 cxb6 18. Bxa6 Rxa6 19. Qe2 Ra7 20. Qb5 Rd7 21.
Bb2 Rd5 22. Qb3 Qc7 23. c4 Rh5 24. g3 Ng4 25. h4 Rxh4 26. d5 e3 27. Qc3 f6 28.
f4 Rh3 29. Rf3 exd5 30. cxd5 Qf7 31. Qc6 Qh5 0-1

[Event "Open 2004 des PSV Rostock"]
[Site "Rostock"]
[Date "2004.08.27"]
[Round "3.17"]
[White "Wiecker, Stefan"]
[Black "Calder, Dennis"]
[Result "1/2-1/2"]
[WhiteElo "1740"]
[BlackElo "2102"]
[PlyCount "34"]
[EventDate "2004.08.26"]
[EventType "swiss"]
[EventRounds "7"]
[EventCountry "GER"]
[Source "Th. Schwetlick"]
[SourceDate "2004.09.01"]

1. e4 Nf6 2. Nc3 d5 3. exd5 Nxd5 4. Bc4 Nb6 5. Bb3 c5 6. d3 Bf5 7. Qf3 Qd7 8.
Bf4 Nc6 9. Qe3 e6 10. Nf3 Be7 11. O-O-O Nd4 12. Ne5 Nxb3+ 13. axb3 Qd4 14. Qd2
a6 15. g4 Bg6 16. h4 f6 17. Nxg6 hxg6 1/2-1/2

[Event "Open 2004 des PSV Rostock"]
[Site "Rostock"]
[Date "2004.08.27"]
[Round "3.18"]
[White "Schroeder, Christian"]
[Black "Ernst, Mathias"]
[Result "1-0"]
[WhiteElo "2100"]
[BlackElo "1713"]
[PlyCount "53"]
[EventDate "2004.08.26"]
[EventType "swiss"]
[EventRounds "7"]
[EventCountry "GER"]
[Source "Th. Schwetlick"]
[SourceDate "2004.09.01"]

1. d4 Nf6 2. c4 g6 3. Nc3 Bg7 4. e4 d6 5. Be2 O-O 6. f4 e6 7. Be3 Nc6 8. Qd2 e5
9. fxe5 dxe5 10. d5 Nd4 11. O-O-O b5 12. cxb5 a6 13. bxa6 Nxe2+ 14. Ngxe2 Bxa6
15. h3 Qd6 16. g4 Bc4 17. Qc2 Rfb8 18. b3 Bf8 19. Kd2 Qa3 20. Ke1 Ba6 21. Kf2
Bc5 22. Rc1 Bc8 23. Bxc5 Qxc5+ 24. Kf3 h5 25. g5 Ng4 26. Nd1 Qe7 27. Qd2 1-0

[Event "Open 2004 des PSV Rostock"]
[Site "Rostock"]
[Date "2004.08.27"]
[Round "3.19"]
[White "Krieg, Peter"]
[Black "Schuetze, Tonio"]
[Result "0-1"]
[WhiteElo "1712"]
[BlackElo "2063"]
[PlyCount "52"]
[EventDate "2004.08.26"]
[EventType "swiss"]
[EventRounds "7"]
[EventCountry "GER"]
[Source "Th. Schwetlick"]
[SourceDate "2004.09.01"]

1. e4 c5 2. c3 d5 3. f3 Nf6 4. e5 Nfd7 5. f4 e6 6. Nf3 Nc6 7. Bb5 Qb6 8. Bxc6
bxc6 9. c4 dxc4 10. Nc3 Be7 11. Qe2 Ba6 12. Qe4 Rd8 13. h4 Qc7 14. g4 h5 15. f5
hxg4 16. fxe6 gxf3 17. exd7+ Qxd7 18. h5 Qe6 19. Kf2 Rd4 20. Qxf3 Qxe5 21. d3
Bh4+ 22. Rxh4 Rxh4 23. Qxc6+ Kf8 24. Qa8+ Qe8 25. Qxa7 R8xh5 26. Be3 Rf5+ 0-1

[Event "Open 2004 des PSV Rostock"]
[Site "Rostock"]
[Date "2004.08.27"]
[Round "3.20"]
[White "Giese, Guido"]
[Black "Jaeger, Frank"]
[Result "1-0"]
[WhiteElo "2031"]
[BlackElo "1711"]
[PlyCount "73"]
[EventDate "2004.08.26"]
[EventType "swiss"]
[EventRounds "7"]
[EventCountry "GER"]
[Source "Th. Schwetlick"]
[SourceDate "2004.09.01"]

1. Nc3 d5 2. e4 d4 3. Nce2 e5 4. Ng3 Be6 5. c3 c5 6. Bb5+ Nc6 7. Nf3 Bd6 8. O-O
Nf6 9. cxd4 cxd4 10. Ng5 Bg4 11. Be2 Bd7 12. Bc4 O-O 13. a3 h6 14. Nf3 Ne7 15.
d3 Ng6 16. Re1 Rc8 17. Nf5 Bb8 18. Qb3 b5 19. Bxb5 Bxb5 20. Qxb5 Re8 21. Bd2
Ne7 22. Nxe7+ Qxe7 23. Rec1 Bd6 24. Qa4 Rb8 25. Rc2 Rb7 26. Rac1 Nd7 27. b4 Kh7
28. Rc6 g5 29. h3 Rg8 30. g4 h5 31. Qd1 hxg4 32. hxg4 Kg6 33. Nxg5 Rbb8 34. Qf3
Rh8 35. Qf5+ Kg7 36. Rxd6 f6 37. Rxd7 1-0

[Event "Open 2004 des PSV Rostock"]
[Site "Rostock"]
[Date "2004.08.27"]
[Round "3.21"]
[White "Bauer, Burkhardt"]
[Black "Onasch, Paul"]
[Result "1/2-1/2"]
[WhiteElo "1977"]
[BlackElo "1690"]
[PlyCount "58"]
[EventDate "2004.08.26"]
[EventType "swiss"]
[EventRounds "7"]
[EventCountry "GER"]
[Source "Th. Schwetlick"]
[SourceDate "2004.09.01"]

1. e4 d5 2. exd5 Qxd5 3. Nc3 Qa5 4. d4 c6 5. Bc4 Bf5 6. Nge2 e6 7. O-O Nf6 8.
Bb3 Bd6 9. Qe1 O-O 10. Ne4 Qd8 11. Nxd6 Qxd6 12. Bf4 Qd8 13. Rd1 Nd5 14. Bc1
Qb6 15. Ng3 Bg6 16. Ne4 Bxe4 17. Qxe4 Nd7 18. Rd3 N5f6 19. Qh4 Qa5 20. Rh3 Qf5
21. f3 e5 22. c3 Rfe8 23. Qf2 exd4 24. cxd4 Qb5 25. Bd1 Re7 26. Re1 Rxe1+ 27.
Qxe1 Re8 28. Qd2 Nb6 29. Kf2 Nbd5 1/2-1/2

[Event "Open 2004 des PSV Rostock"]
[Site "Rostock"]
[Date "2004.08.27"]
[Round "3.22"]
[White "Miedeck, Franz"]
[Black "Ott, Mathias"]
[Result "0-1"]
[WhiteElo "1709"]
[BlackElo "1965"]
[PlyCount "120"]
[EventDate "2004.08.26"]
[EventType "swiss"]
[EventRounds "7"]
[EventCountry "GER"]
[Source "Th. Schwetlick"]
[SourceDate "2004.09.01"]

1. e4 e6 2. d4 d5 3. exd5 exd5 4. Bd3 Bd6 5. Nf3 Ne7 6. h3 Nbc6 7. a3 Bf5 8.
Nc3 Bxd3 9. Qxd3 a6 10. O-O Qd7 11. Re1 O-O-O 12. b4 f6 13. b5 axb5 14. Nxb5 g5
15. Nxd6+ Qxd6 16. Nh2 h5 17. c3 g4 18. h4 Rhg8 19. g3 Qd7 20. Bf4 Ng6 21. Rab1
Nxf4 22. gxf4 g3 23. fxg3 Qh3 24. Re3 Qxh4 25. Kh1 Qh3 26. Rg1 Qd7 27. Qe2 Qf5
28. Rg2 Qg6 29. Re6 Rde8 30. Qe3 Nd8 31. Rxe8 Rxe8 32. Qf3 Re4 33. g4 hxg4 34.
Rxg4 Re1+ 35. Kg2 Qc2+ 36. Kh3 Re2 37. Qg3 Qe4 38. Nf1 f5 39. Rg8 Re1 40. Qf2
Qd3+ 41. Ng3 Qxc3 42. Kh4 Qc1 43. Kg5 Qb1 44. Nxf5 Rg1+ 45. Ng3 Kd7 46. Rg7+
Kd6 47. Kf6 Re1 48. Nf5+ Kc6 49. Ne7+ Kd6 50. f5 Kd7 51. Qf4 Qb6+ 52. Nc6+ Kxc6
53. Rg6 Kd7+ 54. Kg7 Re7+ 55. Kg8 Qb1 56. Qg4 Qe4 57. Qh3 Re8+ 58. Kh7 Qxd4 59.
f6+ Ne6 60. Rg7+ Kc6 0-1

[Event "Open 2004 des PSV Rostock"]
[Site "Rostock"]
[Date "2004.08.27"]
[Round "3.23"]
[White "Loeke, Patrick"]
[Black "Wiese, Frank"]
[Result "1/2-1/2"]
[WhiteElo "1666"]
[BlackElo "1902"]
[PlyCount "80"]
[EventDate "2004.08.26"]
[EventType "swiss"]
[EventRounds "7"]
[EventCountry "GER"]
[Source "Th. Schwetlick"]
[SourceDate "2004.09.01"]

1. e4 e5 2. Nf3 Nc6 3. Bb5 a6 4. Ba4 Nf6 5. O-O Nxe4 6. Bxc6 dxc6 7. Re1 Nc5 8.
Nxe5 Ne6 9. Qf3 Qf6 10. Qxf6 gxf6 11. Nc4 Bd7 12. d4 O-O-O 13. c3 h5 14. Be3 h4
15. Nbd2 h3 16. g3 Ng5 17. f4 Ne6 18. Ne4 Be7 19. Rad1 Rdg8 20. Nc5 Nxc5 21.
dxc5 Rh5 22. b4 Be6 23. Na5 Bxa2 24. c4 b5 25. Nxc6 Bd8 26. cxb5 axb5 27. Na7+
Kb8 28. Nxb5 Bd5 29. Nc3 Bf3 30. Rd7 Bc6 31. Rd2 f5 32. Bd4 Bh4 33. Bf2 Bf6 34.
Nd5 Rh6 35. Ne7 Bxe7 36. Rxe7 Rf8 37. b5 Bxb5 38. Rb2 c6 39. Ra2 Rd8 40. Be1
Re6 1/2-1/2

[Event "Open 2004 des PSV Rostock"]
[Site "Rostock"]
[Date "2004.08.27"]
[Round "3.24"]
[White "Bahr, Enrico"]
[Black "Knoblauch, Raphael"]
[Result "1/2-1/2"]
[WhiteElo "1893"]
[BlackElo "1609"]
[PlyCount "45"]
[EventDate "2004.08.26"]
[EventType "swiss"]
[EventRounds "7"]
[EventCountry "GER"]
[Source "Th. Schwetlick"]
[SourceDate "2004.09.01"]

1. d4 Nf6 2. c4 g6 3. Nc3 Bg7 4. e4 d6 5. f3 O-O 6. Be3 Na6 7. Qd2 c5 8. d5 Rb8
9. Nb5 Ra8 10. Ne2 Bd7 11. Nc1 Nc7 12. Nxc7 Qxc7 13. Rb1 a5 14. b3 Rab8 15. a4
Qb6 16. Bd3 Qb4 17. Na2 Qxd2+ 18. Bxd2 b6 19. Bc3 Nh5 20. g3 e5 21. Bd2 f5 22.
Nc3 f4 23. g4 1/2-1/2

[Event "Open 2004 des PSV Rostock"]
[Site "Rostock"]
[Date "2004.08.27"]
[Round "3.25"]
[White "Eichstaedt, Enrico"]
[Black "Jeske, Holger"]
[Result "0-1"]
[WhiteElo "1555"]
[BlackElo "1867"]
[PlyCount "54"]
[EventDate "2004.08.26"]
[EventType "swiss"]
[EventRounds "7"]
[EventCountry "GER"]
[Source "Th. Schwetlick"]
[SourceDate "2004.09.01"]

1. e4 g6 2. d4 Bg7 3. Nf3 d6 4. Nc3 Nf6 5. Be3 O-O 6. h3 Nfd7 7. Qd2 e5 8. d5
a6 9. Be2 f5 10. Bh6 b5 11. b4 Nf6 12. Bxg7 Kxg7 13. Bd3 fxe4 14. Bxe4 Nxe4 15.
Nxe4 Rf4 16. Ng3 Nd7 17. O-O Nb6 18. a3 Bxh3 19. Rfe1 Nc4 20. Qc3 Bg4 21. Re4
Qf6 22. a4 Bxf3 23. Rxf4 exf4 24. Qxf6+ Kxf6 25. gxf3 fxg3 26. axb5 gxf2+ 27.
Kxf2 Ke5 0-1

[Event "Open 2004 des PSV Rostock"]
[Site "Rostock"]
[Date "2004.08.27"]
[Round "3.26"]
[White "Heinisch, Uwe"]
[Black "Micheel, Peter"]
[Result "1/2-1/2"]
[WhiteElo "1587"]
[BlackElo "1844"]
[PlyCount "75"]
[EventDate "2004.08.26"]
[EventType "swiss"]
[EventRounds "7"]
[EventCountry "GER"]
[Source "Th. Schwetlick"]
[SourceDate "2004.09.01"]

1. d4 d5 2. Nf3 Nc6 3. e3 Bg4 4. Nbd2 e6 5. c4 Nf6 6. Qa4 Qd7 7. cxd5 exd5 8.
Bb5 Bd6 9. b3 O-O 10. Ba3 Bxa3 11. Qxa3 Qe7 12. Qxe7 Nxe7 13. O-O c6 14. Bd3
Bf5 15. Bxf5 Nxf5 16. Ne5 Nd6 17. Rac1 Rfe8 18. Rc2 Re7 19. Rfc1 Nd7 20. Nxd7
Rxd7 21. h3 Re7 22. g3 Rae8 23. Kg2 f6 24. Rc3 g5 25. R3c2 h5 26. Rc3 Kg7 27.
R3c2 Kg6 28. Rh1 Rh8 29. h4 Reh7 30. Rcc1 g4 31. Rc2 Re8 32. Rhc1 Rhe7 33. Rc3
f5 34. Rd3 Re6 35. Nb1 R8e7 36. Nc3 Ne4 37. Ne2 Kh6 38. Nf4 1/2-1/2

[Event "Open 2004 des PSV Rostock"]
[Site "Rostock"]
[Date "2004.08.27"]
[Round "3.27"]
[White "Ehlers, Michael"]
[Black "Zur, Jan"]
[Result "0-1"]
[WhiteElo "1592"]
[BlackElo "1840"]
[PlyCount "62"]
[EventDate "2004.08.26"]
[EventType "swiss"]
[EventRounds "7"]
[EventCountry "GER"]
[Source "Th. Schwetlick"]
[SourceDate "2004.09.01"]

1. e4 c5 2. Nf3 Nc6 3. d4 cxd4 4. Nxd4 Nf6 5. Nc3 e5 6. Ndb5 d6 7. Bg5 a6 8.
Na3 b5 9. Nd5 Be7 10. Bxf6 Bxf6 11. c3 Be6 12. Be2 Ne7 13. Nxf6+ gxf6 14. Bg4
Ng6 15. Bxe6 fxe6 16. Qg4 Kf7 17. g3 Rg8 18. Qh5 Kg7 19. Nc2 Kh8 20. Rd1 d5 21.
exd5 exd5 22. O-O Qd7 23. Kh1 d4 24. f3 Rac8 25. Rf2 Qe6 26. cxd4 Qxa2 27. Rfd2
Qxb2 28. Ne3 Qb3 29. Nf5 Rc2 30. dxe5 Rxd2 31. Rxd2 Qb1+ 0-1

[Event "Open 2004 des PSV Rostock"]
[Site "Rostock"]
[Date "2004.08.27"]
[Round "3.28"]
[White "Rath, Wolfgang"]
[Black "Fischer, Joachim"]
[Result "1/2-1/2"]
[WhiteElo "1642"]
[BlackElo "1442"]
[PlyCount "83"]
[EventDate "2004.08.26"]
[EventType "swiss"]
[EventRounds "7"]
[EventCountry "GER"]
[Source "Th. Schwetlick"]
[SourceDate "2004.09.01"]

1. e4 e5 2. f4 d5 3. exd5 e4 4. d3 Nf6 5. dxe4 Nxe4 6. Nf3 Bc5 7. Qe2 O-O 8.
Qxe4 Re8 9. Ne5 f6 10. Bd3 g6 11. Nc3 fxe5 12. fxe5 Bf5 13. Qe2 Bxd3 14. cxd3
Bd4 15. Bf4 Nd7 16. e6 Nf6 17. Qf3 Bxc3+ 18. bxc3 Nxd5 19. O-O Rxe6 20. c4 Nxf4
21. Qxf4 Qe7 22. Rab1 c5 23. Qf3 Rb8 24. Qd5 Kg7 25. d4 cxd4 26. Qxd4+ Kg8 27.
Qxa7 Qc7 28. Rfd1 Re2 29. Rd7 Qf4 30. Rdxb7 Rxb7 31. Qa8+ Kg7 32. Qxb7+ Kh6 33.
Qf3 Qxf3 34. gxf3 Rxa2 35. Rc1 Kg5 36. c5 Ra7 37. c6 Rc7 38. Kf2 Kf4 39. Rc4+
Ke5 40. Kg3 h6 41. h4 Kd5 42. Rc1 1/2-1/2

[Event "Open 2004 des PSV Rostock"]
[Site "Rostock"]
[Date "2004.08.27"]
[Round "3.29"]
[White "Modrow, Andreas"]
[Black "Prueter, Reinhard"]
[Result "0-1"]
[WhiteElo "1161"]
[BlackElo "1637"]
[PlyCount "66"]
[EventDate "2004.08.26"]
[EventType "swiss"]
[EventRounds "7"]
[EventCountry "GER"]
[Source "Th. Schwetlick"]
[SourceDate "2004.09.01"]

1. e4 d6 2. d4 Nf6 3. Nc3 g6 4. Nf3 Bg7 5. Bg5 Nbd7 6. g3 c5 7. e5 dxe5 8. dxc5
O-O 9. Bg2 Qa5 10. Be3 Ng4 11. Qd2 Nxe3 12. Qxe3 Nxc5 13. O-O Ne6 14. Rad1 Nd4
15. Rd2 Bf5 16. Rc1 Rad8 17. Nb1 Nxf3+ 18. Bxf3 Rxd2 19. Nxd2 b6 20. a3 Rc8 21.
Nb3 Qa4 22. Na1 e4 23. b3 Qxa3 24. Bg2 Bxa1 25. c3 Bb2 26. Rc2 Qa1+ 27. Bf1
Rxc3 28. Rxc3 Bxc3 29. Qe2 Bh3 30. Qb5 e3 31. fxe3 Bd2 32. Kf2 Qe1+ 33. Kf3
Qxe3# 0-1

[Event "Open 2004 des PSV Rostock"]
[Site "Rostock"]
[Date "2004.08.27"]
[Round "3.31"]
[White "Schmidt, Wolfgang"]
[Black "Niessner, Robert"]
[Result "1-0"]
[WhiteElo "1859"]
[BlackElo "1447"]
[PlyCount "111"]
[EventDate "2004.08.26"]
[EventType "swiss"]
[EventRounds "7"]
[EventCountry "GER"]
[Source "Th. Schwetlick"]
[SourceDate "2004.09.01"]

1. d4 d5 2. Nf3 c6 3. e3 Bf5 4. Bd3 Bxd3 5. Qxd3 Nf6 6. Nbd2 e6 7. O-O Bd6 8.
c4 dxc4 9. Nxc4 O-O 10. e4 Bc7 11. a4 Nbd7 12. b4 a6 13. Rd1 Nb6 14. Nxb6 Bxb6
15. Bg5 Qe8 16. Bxf6 gxf6 17. e5 Qe7 18. Qc4 Rfd8 19. a5 Bc7 20. Rd3 Kh8 21.
Rad1 Rg8 22. exf6 Qxf6 23. Ne5 Rg7 24. Rf3 Qe7 25. Qc3 Rag8 26. g3 Bb8 27. d5
Bxe5 28. Qxe5 cxd5 29. Rc1 Qg5 30. Qxg5 Rxg5 31. Rxf7 R5g7 32. Rxg7 Rxg7 33. f4
Re7 34. Rc5 Kg7 35. f5 exf5 36. Rxd5 Kf6 37. Kf2 Ke6 38. Rc5 Rd7 39. Ke3 Kf6
40. h4 h6 41. b5 axb5 42. Rxb5 Kg6 43. Rb6+ Kg7 44. Kf4 Rf7 45. Ke5 Rc7 46. Ke6
Rf7 47. h5 Rc7 48. Rd6 Rc5 49. Rd7+ Kg8 50. Rd5 Rc3 51. Rd8+ Kg7 52. Rd7+ Kg8
53. Rxb7 Rxg3 54. a6 f4 55. a7 Ra3 56. Rb8+ 1-0

[Event "Open 2004 des PSV Rostock"]
[Site "Rostock"]
[Date "2004.08.27"]
[Round "3.33"]
[White "Boehm, Matthias"]
[Black "Kurzwig, Andre"]
[Result "1/2-1/2"]
[WhiteElo "1704"]
[BlackElo "1398"]
[PlyCount "34"]
[EventDate "2004.08.26"]
[EventType "swiss"]
[EventRounds "7"]
[EventCountry "GER"]
[Source "Th. Schwetlick"]
[SourceDate "2004.09.01"]

1. e4 e6 2. d4 d5 3. exd5 exd5 4. Bd3 Nc6 5. Nf3 Be7 6. O-O Nf6 7. c3 O-O 8.
Bf4 Re8 9. h3 Bd6 10. Bxd6 Qxd6 11. Nbd2 Be6 12. Qc2 h6 13. Rae1 Re7 14. Ne5
Nd7 15. f4 Nf6 16. Nxc6 bxc6 17. f5 Bd7 1/2-1/2

[Event "Open 2004 des PSV Rostock"]
[Site "Rostock"]
[Date "2004.08.27"]
[Round "3.34"]
[White "Mangold, Thomas"]
[Black "Vladov, Mark"]
[Result "0-1"]
[WhiteElo "1208"]
[BlackElo "1689"]
[PlyCount "66"]
[EventDate "2004.08.26"]
[EventType "swiss"]
[EventRounds "7"]
[EventCountry "GER"]
[Source "Th. Schwetlick"]
[SourceDate "2004.09.01"]

1. e4 c6 2. d4 d5 3. e5 Bf5 4. Nf3 e6 5. Nc3 Bb4 6. Bd2 Nd7 7. Be2 c5 8. a3 Ba5
9. Nb5 Bc7 10. c3 a6 11. Nxc7+ Qxc7 12. Rc1 h6 13. O-O Ne7 14. Be3 O-O 15. c4
dxc4 16. Rxc4 b5 17. Rc1 c4 18. Qd2 Rac8 19. Rc3 Rfd8 20. Bf4 Nc5 21. Qc1 Nb3
22. Rxb3 cxb3 23. Qxc7 Rxc7 24. Bd1 Bc2 25. Bd2 Rdc8 26. Bxc2 bxc2 27. Bc3 Nd5
28. Rc1 Nxc3 29. bxc3 Rxc3 30. Ne1 Rxa3 31. Rxc2 Rxc2 32. Nxc2 Ra2 33. Ne1 Ra1
0-1

[Event "Open 2004 des PSV Rostock"]
[Site "Rostock"]
[Date "2004.08.27"]
[Round "3.35"]
[White "Worm, Alfred"]
[Black "Moeller, Gerhard"]
[Result "1-0"]
[WhiteElo "1643"]
[BlackElo "1380"]
[PlyCount "29"]
[EventDate "2004.08.26"]
[EventType "swiss"]
[EventRounds "7"]
[EventCountry "GER"]
[Source "Th. Schwetlick"]
[SourceDate "2004.09.01"]

1. e4 c5 2. Nf3 d6 3. d4 cxd4 4. Nxd4 Nf6 5. Nc3 g6 6. Be2 Bg7 7. Be3 Bd7 8.
O-O a6 9. f4 e6 10. Qd2 O-O 11. Rad1 Qc7 12. Nf3 Ng4 13. Bd4 e5 14. Nd5 Qd8 15.
Bb6 1-0

[Event "Open 2004 des PSV Rostock"]
[Site "Rostock"]
[Date "2004.08.27"]
[Round "3.36"]
[White "Mueggenburg, Rolf"]
[Black "Obodzinskiy, Slava"]
[Result "1/2-1/2"]
[WhiteElo "1502"]
[BlackElo "1201"]
[PlyCount "96"]
[EventDate "2004.08.26"]
[EventType "swiss"]
[EventRounds "7"]
[EventCountry "GER"]
[Source "Th. Schwetlick"]
[SourceDate "2004.09.01"]

1. Nc3 Nf6 2. e4 e5 3. Nf3 Nc6 4. a3 Bc5 5. b4 Bb6 6. Bc4 a6 7. O-O O-O 8. d3
d6 9. Bg5 h6 10. Bxf6 Qxf6 11. Nd5 Qg6 12. b5 axb5 13. Bxb5 Re8 14. Nh4 Qg5 15.
Nf3 Qh5 16. Nxb6 cxb6 17. Qd2 Bh3 18. Qe3 Bg4 19. Nd2 Re6 20. Bxc6 bxc6 21.
Qxb6 Rc8 22. Qb7 Ree8 23. f3 Be6 24. a4 c5 25. Qb1 Ra8 26. c4 Ra5 27. Nb3 Ra6
28. Qc2 Rea8 29. a5 Qg5 30. Kh1 Qd8 31. Qc3 Bd7 32. Ra3 Rb6 33. Nxc5 Rc6 34.
Nxd7 Qxd7 35. Rb1 Rca6 36. Rb5 Rc8 37. Qb4 Qa7 38. Rb6 Ra8 39. Rb5 Qe3 40. Qb1
Qd2 41. Ra2 Qc3 42. h3 Rxa5 43. Rb8+ Rxb8 44. Qxb8+ Kh7 45. Rxa5 Qc1+ 46. Kh2
Qf4+ 47. g3 Qd2+ 48. Kg1 Qe1+ 1/2-1/2

[Event "Open 2004 des PSV Rostock"]
[Site "Rostock"]
[Date "2004.08.27"]
[Round "4.2"]
[White "Hetey, Laszlo"]
[Black "Hornych, Christoph"]
[Result "1-0"]
[WhiteElo "2336"]
[BlackElo "2157"]
[PlyCount "58"]
[EventDate "2004.08.26"]
[EventType "swiss"]
[EventRounds "7"]
[EventCountry "GER"]
[Source "Th. Schwetlick"]
[SourceDate "2004.09.01"]

1. d4 Nf6 2. c4 c5 3. d5 b5 4. cxb5 a6 5. b6 e6 6. Nc3 Qxb6 7. dxe6 fxe6 8. e4
d6 9. Nf3 Nc6 10. Bc4 Be7 11. O-O O-O 12. Ng5 Nd8 13. e5 dxe5 14. Re1 h6 15.
Nf3 Nf7 16. Nxe5 Nxe5 17. Rxe5 Bd6 18. Re1 Kh8 19. b3 Qc7 20. h3 Bb7 21. Bb2
Rad8 22. Qc2 Qc6 23. Qg6 Qe8 24. Qxe8 Rfxe8 25. Bxe6 Nh5 26. Bd5 Bc8 27. Rxe8+
Rxe8 28. Bf7 Re5 29. Rd1 Bc7 1-0